00346pab a2200133 454500008004000000100002200040245003700062260000900099300001400108362001200122650002300134650001500157773004000172180718b2004 xxu||||| |||| 00| 0 eng d aChishti, S.M.A.W. aSecularism in India: an overview c2004 ap.183-98. aApr-Jun aSecularism - India aSecularism aIndian Journal of Political Science